000 00807nam a22002175i 4500
001 173210
003 ES-MaACL
005 20250520195916.0
008 091118s1889 fr |||| | fre d
080 _a782.1
100 1 _aBlau, Alfred.
_9138022
245 1 0 _aEsclarmonde
_b: opéra romanesque en quatre actes et huit tableaux dont un prologue et un épilogue /
_cparoles de Alfred Blau et Louis de Gramont ; musique de J. Massenet.
260 _aParis :
_bG. Hartmann,
_c1889.
300 _a64 p. ;
_c17 cm.
500 _aSolo la letra.
650 1 4 _aÓperas-
_vLibretos.
_9137584
700 1 _aGramont, Louis de.
_9140858
700 1 _aMassenet, Jules,
_d1842-1912
_9240595
852 _aES-MaACL
_j2254-F-30
_9R.190324
_z.- Biblioteca Jacinto Martínez Lacalle
999 _c173210
_d173210